| 000 | 00694cam a2200229 4500 | ||
|---|---|---|---|
| 001 | B1923 | ||
| 008 | 090401t1951 xxu||||| |||| 00| 0 eng d | ||
| 035 | _a(Sirsi) u47071 | ||
| 041 | _aeng | ||
| 050 | _a333.335 | ||
| 110 |
_aCountry Landowners' Association _92816 |
||
| 245 | 3 | _aAn enquiry into agricultural rents and the expenses of landowners in England and Wales 1949 and 1950...with a report by C.V.Dawe | |
| 260 |
_aLondon _bCountry Landowners Association _c1951 |
||
| 300 | _a35p. ; 33cm. | ||
| 350 | _a0 | ||
| 650 | _aDAWE C V | ||
| 650 | _aFARM INCOMES | ||
| 650 | _aFARM RENTS | ||
| 710 |
_aMinistry of Agriculture and Fisheries _91293 |
||
| 942 | _n0 | ||
| 948 | _c04/03/1997 | ||
| 999 |
_c92067 _d92067 |
||